000 00302nam a2200133Ia 4500
100 _aProductivity Development Team
942 _cBK
245 _aKanban for the shopfloor
260 _bProduction Press Inc
_c2002
082 _a658
_bPDT
300 _a96
546 _aENGLISH
_cInfo.Tech
999 _c26830
_d26830